| 000 | 00354nam a22001457a 4500 | ||
|---|---|---|---|
| 082 |
_a539 _bBEI |
||
| 100 |
_aBeiser A _940035 |
||
| 245 |
_aConcept of Modern Physics _cBasier A |
||
| 250 | _a6th | ||
| 260 | _aIslamabad | ||
| 300 |
_axiii, 542, p. : _bill, _c35cm |
||
| 526 |
_a0 _b0 _c0 _d539_000000000000000_BEI |
||
| 650 |
_aMCE _9379 |
||
| 942 |
_2ddc _cBK |
||
| 999 |
_c544449 _d544449 |
||